Addendum for the RICS UK Residential Property Standards (the Blue Book) 5th edition (Record no. 115024)
[ view plain ]
| 000 -LEADER | |
|---|---|
| fixed length control field | 01835cam a22002895a 4500 |
| 001 - CONTROL NUMBER | |
| control field | L157908 |
| 008 - FIXED-LENGTH DATA ELEMENTS--GENERAL INFORMATION | |
| fixed length control field | 130716s2013 xxk f 000 0 eng d |
| 035 ## - SYSTEM CONTROL NUMBER | |
| System control number | (Sirsi) u157908 |
| 041 0# - LANGUAGE CODE | |
| Language code of text/sound track or separate title | eng |
| 110 2# - MAIN ENTRY--CORPORATE NAME | |
| Corporate name or jurisdiction name as entry element | Royal Institution of Chartered Surveyors |
| 9 (RLIN) | 4900 |
| 240 ## - UNIFORM TITLE | |
| Uniform title | Blue Book |
| 245 00 - TITLE STATEMENT | |
| Title | Addendum for the RICS UK Residential Property Standards (the Blue Book) 5th edition |
| Remainder of title | June 2013 |
| 260 ## - PUBLICATION, DISTRIBUTION, ETC. | |
| Place of publication, distribution, etc. | London |
| Name of publisher, distributor, etc. | RICS |
| Date of publication, distribution, etc. | 2013 |
| 490 ## - SERIES STATEMENT | |
| Series statement | RICS Blue Book |
| 520 ## - SUMMARY, ETC. | |
| Summary, etc. | Due to the expectation that the Property Misdescriptions Act 1991 will be repealed later in 2013, RICS decided to delay publication of a new edition of the Blue Book pending this repeal. However, the increased importance of consumer protection under the Consumer Protection from Unfair Trading Regulations 2008 (known as the Consumer Protection Regulations, or CPRs), which is expected to ultimately replace the Property Misdescriptions Act, is already in place and has a significant effect on estate agency practice. Also, the Energy Act 2011 and the Energy Performance of Buildings (England and Wales) Regulations 2012 introduce a range of changes that affect sections of the Blue Book. This addendum issued in June 2013 seeks to provide interim guidance to members and should be read in conjunction with the RICS UK Residential Property Standards 5th edition. |
| 520 ## - SUMMARY, ETC. | |
| Summary, etc. | Supplemented by Addendum July 2014 L158129 |
| 590 ## - LOCAL NOTE (RLIN) | |
| Local note | KA |
| 650 24 - SUBJECT ADDED ENTRY--TOPICAL TERM | |
| Topical term or geographic name entry element | BLUE BOOK |
| 650 24 - SUBJECT ADDED ENTRY--TOPICAL TERM | |
| Topical term or geographic name entry element | PROPERTY MISDESCRIPTIONS ACT 1991 |
| 650 24 - SUBJECT ADDED ENTRY--TOPICAL TERM | |
| Topical term or geographic name entry element | CONSUMER PROTECTION FROM UNFAIR TRADING REGULATIONS 2008 |
| 650 24 - SUBJECT ADDED ENTRY--TOPICAL TERM | |
| Topical term or geographic name entry element | ENERGY ACT 2011 |
| 650 24 - SUBJECT ADDED ENTRY--TOPICAL TERM | |
| Topical term or geographic name entry element | ENERGY PERFORMANCE OF BUILDINGS (ENGLAND AND WALES) REGULATIONS 2012 |
| 650 24 - SUBJECT ADDED ENTRY--TOPICAL TERM | |
| Topical term or geographic name entry element | RICS UK RESIDENTIAL PROPERTY STANDARDS 5TH EDITION |
| 651 #4 - SUBJECT ADDED ENTRY--GEOGRAPHIC NAME | |
| Geographic name | United Kingdom |
| 690 ## - LOCAL SUBJECT ADDED ENTRY--TOPICAL TERM (OCLC, RLIN) | |
| Topical term or geographic name as entry element | Residential property |
| 9 (RLIN) | 6266 |
| 942 ## - ADDED ENTRY ELEMENTS (KOHA) | |
| Suppress in OPAC | 0 |
| Source of classification or shelving scheme | Dewey Decimal Classification |
| Withdrawn status | Lost status | Source of classification or shelving scheme | Damaged status | Not for loan | Home library | Current library | Shelving location | Date acquired | Total Checkouts | Full call number | Barcode | Date last seen | Copy number | Price effective from | Koha item type |
|---|---|---|---|---|---|---|---|---|---|---|---|---|---|---|---|
| Dewey Decimal Classification | London | London | RICS Boxes | 29/07/2014 | RICS 2013/15 | 30075255 | 06/08/2019 | 1 | 06/08/2019 | Archive | |||||
| Dewey Decimal Classification | London | London | Books | 29/07/2014 | RICS 2013/15 | 30075243 | 06/08/2019 | 2 | 06/08/2019 | Book |